| 000 | 00787nam a22002177a 4500 | ||
|---|---|---|---|
| 999 |
_c140000 _d140000 |
||
| 005 | 20230706161316.0 | ||
| 010 | _a1718EN-30 ENG-118197 B-688522-527 ENG-137323 | ||
| 020 |
_a9789386231055 _c350.00 |
||
| 035 | _aEN-101729 EN-120855 | ||
| 035 | _aB-688522-527 | ||
| 037 |
_bPrabhat _adpl |
||
| 037 | _bDBAD/PUB | ||
| 082 | _a158.1 | ||
| 100 | _aZiglar, Zig | ||
| 245 |
_aBorn to win _bFind your success code / _cby Zig Zigler And Tom Ziglar |
||
| 260 |
_aNew Delhi _bPrabhat Prakashan _c2017 |
||
| 270 | _a4/19 Asaf Ali Road, New Delhi-110002 | ||
| 300 |
_a190p _c22cm.(Hb) |
||
| 942 |
_2ddc _cEN _h158.1 _mZIG |
||